[Event "32. Copenhagen Open (Politiken Cup)"]
[Site "Elsinore"]
[Date "2010.08.06"]
[Round "8"]
[White "Moripen, Markus"]
[Black "Knudsen, Joachim Holm"]
[Result "1-0"]
[WhiteElo "1953"]
[BlackElo "1756"]
[PlyCount "101"]
[EventDate "2010.07.31"]
[EventType "swiss"]
[EventRounds "10"]
[EventCountry "DEN"]
[Source "ChessBase"]
[SourceDate "2010.09.01"]

1. e4 Nc6 2. c4 e5 3. Nf3 Bc5 4. Nc3 Nge7 5. Na4 d6 6. Nxc5 dxc5 7. Be2 O-O 8.
O-O Ng6 9. d3 Nd4 10. Nxd4 cxd4 11. g3 c5 12. Bf3 Rb8 13. h4 a6 14. Bg2 b5 15.
b3 bxc4 16. bxc4 Bd7 17. h5 Ne7 18. f4 f6 19. g4 Nc6 20. g5 fxg5 21. fxg5 Qe7
22. Rxf8+ Qxf8 23. Qe2 Nb4 24. a3 Nc6 25. Bd2 Rb2 26. Rf1 Qd8 27. g6 h6 28. Qf3
Qe8 29. Be1 Ra2 30. Bh3 Bxh3 31. Qxh3 Rxa3 32. Rf7 Rb3 33. Rc7 Rb8 34. Bh4 Rb1+
35. Kg2 Rb2+ 36. Bf2 Rb8 37. Qf5 Nb4 38. Qf3 Rc8 39. Qf7+ Qxf7 40. gxf7+ Kf8
41. Rxc8+ Kxf7 42. Rxc5 Nxd3 43. Rc7+ Kf8 44. Bg3 a5 45. Ra7 a4 46. Rxa4 Nc5
47. Ra8+ Ke7 48. Kf3 d3 49. Be1 Nb3 50. Ke3 Nc5 51. Bb4 1-0

[Event "32. Copenhagen Open (Politiken Cup)"]
[Site "Elsinore"]
[Date "2010.08.06"]
[Round "8"]
[White "Mortensen, Henrik"]
[Black "Christiansen, Jens Jorgen"]
[Result "1/2-1/2"]
[WhiteElo "2003"]
[BlackElo "2156"]
[PlyCount "44"]
[EventDate "2010.07.31"]
[EventType "swiss"]
[EventRounds "10"]
[EventCountry "DEN"]
[Source "ChessBase"]
[SourceDate "2010.09.01"]

1. e4 c6 2. d4 d5 3. Nd2 dxe4 4. Nxe4 Bf5 5. Nc3 Nf6 6. Bc4 e6 7. Nf3 Nbd7 8.
O-O Be7 9. Bg5 O-O 10. h3 Nd5 11. Bxe7 Qxe7 12. Qd2 Qf6 13. Bd3 Bxd3 14. Qxd3
Nxc3 15. Qxc3 Rfd8 16. Rad1 c5 17. Rd2 cxd4 18. Qxd4 Nb6 19. Qxf6 gxf6 20. Rfd1
Rxd2 21. Rxd2 Rc8 22. b3 Rc7 1/2-1/2

[Event "32. Copenhagen Open (Politiken Cup)"]
[Site "Elsinore"]
[Date "2010.08.06"]
[Round "8"]
[White "Nielsen, Aage Sondergaard"]
[Black "Brondum, Eric"]
[Result "1-0"]
[WhiteElo "1944"]
[BlackElo "2145"]
[PlyCount "83"]
[EventDate "2010.07.31"]
[EventType "swiss"]
[EventRounds "10"]
[EventCountry "DEN"]
[Source "ChessBase"]
[SourceDate "2010.09.01"]

1. e4 c5 2. Nc3 d6 3. f4 Nc6 4. Nf3 g6 5. Bb5 Bg7 6. Bxc6+ bxc6 7. d3 Nf6 8.
O-O O-O 9. Qe1 e6 10. Qh4 Nd7 11. Qxd8 Rxd8 12. f5 Ne5 13. Nxe5 Bxe5 14. fxg6
hxg6 15. Bg5 Bd4+ 16. Kh1 Re8 17. Bf6 Rb8 18. Rab1 Bxf6 19. Rxf6 Kg7 20. Rff1
Re7 21. b3 d5 22. e5 Bd7 23. g4 Rb4 24. h3 Be8 25. Kg2 Rc7 26. Kg3 Re7 27. h4
Rb8 28. g5 Rb4 29. a3 Rb8 30. h5 gxh5 31. Rh1 Bd7 32. Ne2 h4+ 33. Kg4 Rh8 34.
Nf4 Be8 35. Nh5+ Kg8 36. Rxh4 a5 37. Rh3 a4 38. Rf3 Ra7 39. g6 Rxh5 40. Kxh5
fxg6+ 41. Kg5 Rf7 42. bxa4 1-0

[Event "32. Copenhagen Open (Politiken Cup)"]
[Site "Elsinore"]
[Date "2010.08.06"]
[Round "8"]
[White "Nielsen, Borge Hjerrild"]
[Black "Jacobsen, Heidrikur Tindskar"]
[Result "1/2-1/2"]
[WhiteElo "2067"]
[BlackElo "1993"]
[PlyCount "72"]
[EventDate "2010.07.31"]
[EventType "swiss"]
[EventRounds "10"]
[EventCountry "DEN"]
[Source "ChessBase"]
[SourceDate "2010.09.01"]

1. d4 Nf6 2. c4 g6 3. Nf3 Bg7 4. g3 d6 5. Bg2 O-O 6. O-O c6 7. Nc3 Qc7 8. h3 e5
9. e4 Ne8 10. Be3 Na6 11. Rc1 f5 12. exf5 gxf5 13. Bg5 Qf7 14. dxe5 dxe5 15.
Qe2 e4 16. Ne1 Be6 17. b3 h6 18. Be3 Qg6 19. Kh2 Be5 20. f4 exf3 21. Qxf3 Nf6
22. Nd3 Bd6 23. Nf4 Bxf4 24. Bxf4 Nh5 25. Rcd1 Rae8 26. Rfe1 Nxf4 27. Qxf4 Qg5
28. Ne2 Nc5 29. Qd4 Ne4 30. Bxe4 fxe4 31. Nf4 Rxf4 32. gxf4 Qxf4+ 33. Kg1 Qg3+
34. Kh1 Qxh3+ 35. Kg1 Qg3+ 36. Kh1 Qh3+ 1/2-1/2

[Event "32. Copenhagen Open (Politiken Cup)"]
[Site "Elsinore"]
[Date "2010.08.06"]
[Round "8"]
[White "Nielsen, Henning"]
[Black "Rej, Tomek"]
[Result "0-1"]
[WhiteElo "2164"]
[BlackElo "2334"]
[PlyCount "60"]
[EventDate "2010.07.31"]
[EventType "swiss"]
[EventRounds "10"]
[EventCountry "DEN"]
[Source "ChessBase"]
[SourceDate "2010.09.01"]

1. e4 e5 2. Nf3 Nc6 3. Bc4 Nf6 4. Ng5 d5 5. exd5 Na5 6. Bb5+ c6 7. dxc6 bxc6 8.
Bd3 Ng4 9. Nh3 Bd6 10. Qe2 f5 11. Nc3 O-O 12. b3 e4 13. Bc4+ Kh8 14. Bb2 Nxc4
15. Qxc4 a5 16. O-O-O Ba6 17. Qxc6 Ne5 18. Qd5 Qc7 19. Ng5 Bb7 20. Qb5 Qe7 21.
h4 a4 22. Nd5 Bxd5 23. Qxd5 axb3 24. axb3 Ba3 25. Qd4 Nc6 26. Qc3 Nb4 27. Kb1
Bxb2 28. Qxb2 Ra2 29. Qxa2 Nxa2 30. Kxa2 Ra8+ 0-1

[Event "32. Copenhagen Open (Politiken Cup)"]
[Site "Elsinore"]
[Date "2010.08.06"]
[Round "8"]
[White "Nielsen, John Bauneborg"]
[Black "Skjoldager, Mikael"]
[Result "1-0"]
[WhiteElo "2139"]
[BlackElo "1978"]
[PlyCount "71"]
[EventDate "2010.07.31"]
[EventType "swiss"]
[EventRounds "10"]
[EventCountry "DEN"]
[Source "ChessBase"]
[SourceDate "2010.09.01"]

1. d4 Nf6 2. c4 g6 3. Nc3 d5 4. cxd5 Nxd5 5. Bd2 Bg7 6. e4 Nb6 7. Be3 Nc6 8.
Bb5 Bd7 9. Nf3 O-O 10. h3 a6 11. Be2 Na5 12. O-O Nac4 13. Bg5 Nxb2 14. Qb3 N2a4
15. Nxa4 Bxa4 16. Qb4 a5 17. Qa3 Re8 18. Rfe1 Rc8 19. Qc5 Bc6 20. Bd3 a4 21.
Bf4 Nd7 22. Qc2 e6 23. Rab1 Nb6 24. Bb5 Bxb5 25. Rxb5 c6 26. Rbb1 Bxd4 27. Red1
c5 28. Qe2 Rc6 29. Be5 Rd6 30. Bxd6 Qxd6 31. Qb5 Nd7 32. e5 Qc6 33. Nxd4 cxd4
34. Rxd4 Nc5 35. Qxc6 bxc6 36. Rc1 1-0

[Event "32. Copenhagen Open (Politiken Cup)"]
[Site "Elsinore"]
[Date "2010.08.06"]
[Round "8"]
[White "Nielsen, Kai Gylling"]
[Black "Preuss, Flemming"]
[Result "0-1"]
[WhiteElo "1891"]
[BlackElo "2039"]
[PlyCount "82"]
[EventDate "2010.07.31"]
[EventType "swiss"]
[EventRounds "10"]
[EventCountry "DEN"]
[Source "ChessBase"]
[SourceDate "2010.09.01"]

1. Nf3 f5 2. d4 Nf6 3. g3 g6 4. Bg2 Bg7 5. O-O d6 6. c4 O-O 7. Nc3 Nc6 8. Ng5
h6 9. Bd5+ Nxd5 10. cxd5 Nxd4 11. Nh3 g5 12. Nxg5 hxg5 13. e3 f4 14. exd4 Bh3
15. Re1 Qd7 16. Qh5 Qf5 17. gxf4 Bxd4 18. Rxe7 gxf4 19. Qf3 Qg5+ 20. Kh1 Qxe7
21. Bxf4 Qh4 22. Rg1+ Kh8 23. Ne2 Rg8 24. Bg3 Bg4 25. Qd3 Bxe2 26. Qxe2 Qh7 27.
Rd1 Rae8 28. Qd2 Be5 29. Kg1 Rg6 30. Re1 Reg8 31. Kf1 Qh3+ 32. Ke2 Qg4+ 33. f3
Qc4+ 34. Kd1 Qd4 35. f4 Qxd2+ 36. Kxd2 Bxb2 37. Rb1 Bd4 38. Rxb7 Bb6 39. a4 Re8
40. Kc2 a5 41. Kd3 Rgg8 0-1

[Event "32. Copenhagen Open (Politiken Cup)"]
[Site "Elsinore"]
[Date "2010.08.06"]
[Round "8"]
[White "Nielsen, Palle"]
[Black "Taksrud, Vidar"]
[Result "0-1"]
[WhiteElo "1851"]
[BlackElo "2097"]
[PlyCount "40"]
[EventDate "2010.07.31"]
[EventType "swiss"]
[EventRounds "10"]
[EventCountry "DEN"]
[Source "ChessBase"]
[SourceDate "2010.09.01"]

1. e4 c5 2. Nf3 Nc6 3. d4 cxd4 4. Nxd4 g6 5. Be3 Bg7 6. Nc3 Nf6 7. Qd2 Ng4 8.
Nxc6 dxc6 9. Qxd8+ Kxd8 10. Rd1+ Kc7 11. Bd4 Bxd4 12. Rxd4 e5 13. Rd2 Be6 14.
h3 Nf6 15. Bd3 h5 16. b3 h4 17. Na4 Rad8 18. Nb2 b5 19. Ke2 Nh5 20. f3 Ng3+ 0-1

[Event "32. Copenhagen Open (Politiken Cup)"]
[Site "Elsinore"]
[Date "2010.08.06"]
[Round "8"]
[White "Nilsson, Anders1"]
[Black "Christensen, Svend Ellegaard"]
[Result "0-1"]
[WhiteElo "2160"]
[BlackElo "2226"]
[PlyCount "58"]
[EventDate "2010.07.31"]
[EventType "swiss"]
[EventRounds "10"]
[EventCountry "DEN"]
[Source "ChessBase"]
[SourceDate "2010.09.01"]

1. d4 d5 2. c4 e6 3. Nc3 Nf6 4. cxd5 exd5 5. Bg5 Be7 6. e3 O-O 7. Bd3 Nbd7 8.
Nf3 b6 9. Qc2 Bb7 10. O-O c5 11. Ne5 h6 12. Bh4 Nxe5 13. dxe5 Ng4 14. Bg3 Bh4
15. Bf4 Re8 16. g3 Bg5 17. h4 Bxh4 18. gxh4 Nxe5 19. f3 Qxh4 20. Rad1 Nxd3 21.
Qxd3 Re6 22. Rf2 d4 23. Ne4 dxe3 24. Bxe3 Rxe4 25. Rh2 Qg3+ 26. Rg2 Qxf3 27.
Rxg7+ Kxg7 28. Bxh6+ Kxh6 29. Qxf3 Re1+ 0-1

[Event "32. Copenhagen Open (Politiken Cup)"]
[Site "Elsinore"]
[Date "2010.08.06"]
[Round "8"]
[White "Oxener, Aldo"]
[Black "Caceres, Cipriano Sande"]
[Result "0-1"]
[WhiteElo "1494"]
[BlackElo "1745"]
[PlyCount "108"]
[EventDate "2010.07.31"]
[EventType "swiss"]
[EventRounds "10"]
[EventCountry "DEN"]
[Source "ChessBase"]
[SourceDate "2010.09.01"]

1. Nf3 d5 2. d4 Nf6 3. c4 e6 4. Nc3 Nbd7 5. Bg5 c6 6. e3 Be7 7. Bd3 O-O 8. O-O
b6 9. Qc2 Ba6 10. Bxf6 Nxf6 11. Ne5 Bb7 12. Rac1 g6 13. Ne2 dxc4 14. Qxc4 Rc8
15. Nf4 Nd5 16. Nh3 f5 17. Rfe1 Qd6 18. a3 Rf6 19. Ng5 Kg7 20. Be2 h6 21. Nh3
Qd8 22. Bf3 b5 23. Qe2 a6 24. Nf4 Nxf4 25. exf4 Qd6 26. Red1 Rc7 27. Rc3 Rf8
28. Rdd3 Bf6 29. Qd2 a5 30. Bd1 b4 31. axb4 axb4 32. Rb3 Ba6 33. Rg3 Bxe5 34.
fxe5 Qe7 35. Bh5 g5 36. h4 f4 37. Qc2 Rf5 38. hxg5 fxg3 39. gxh6+ Kxh6 40. Rxg3
Rg5 41. Rh3 Kg7 42. Be2 Rg6 43. Bxa6 Rh6 44. Rg3+ Kf8 45. Bc4 Ke8 46. Qb3 Kd7
47. Rf3 Rh7 48. Rf6 c5 49. Bxe6+ Kd8 50. d5 Ra7 51. f3 Qg7 52. d6 Rh8 53. Qc4
Qg3 54. Qc1 Qxe5 0-1

[Event "32. Copenhagen Open (Politiken Cup)"]
[Site "Elsinore"]
[Date "2010.08.06"]
[Round "8"]
[White "Pedersen, Hans Buus"]
[Black "Ebeling, Jens"]
[Result "1-0"]
[WhiteElo "2144"]
[BlackElo "1999"]
[PlyCount "83"]
[EventDate "2010.07.31"]
[EventType "swiss"]
[EventRounds "10"]
[EventCountry "DEN"]
[Source "ChessBase"]
[SourceDate "2010.09.01"]

1. e4 c5 2. Nf3 e6 3. c3 Nf6 4. e5 Nd5 5. d4 cxd4 6. Bc4 d6 7. cxd4 dxe5 8.
dxe5 Nc6 9. O-O Be7 10. Qe2 O-O 11. Qe4 Nb6 12. Bd3 g6 13. Bh6 Re8 14. Nc3 Nb4
15. Rfd1 Bd7 16. Bb5 N4d5 17. Bd3 Nxc3 18. bxc3 Bc6 19. Qg4 Qc7 20. Re1 Rad8
21. Nd4 Qd7 22. h4 Bc5 23. Nxc6 Qxc6 24. Be4 Qc7 25. h5 Kh8 26. Bg5 Rd7 27.
Bf6+ Kg8 28. Qg5 Nd5 29. hxg6 fxg6 30. Bxg6 hxg6 31. Qxg6+ Kf8 32. Qh6+ Rg7 33.
c4 Nb4 34. Re4 Ree7 35. Rg4 Kg8 36. Bxg7 Rxg7 37. Qxe6+ Kf8 38. Rf4+ Rf7 39.
Rxf7+ Qxf7 40. Qc8+ Kg7 41. Qxc5 Nd3 42. Qd4 1-0

[Event "32. Copenhagen Open (Politiken Cup)"]
[Site "Elsinore"]
[Date "2010.08.06"]
[Round "8"]
[White "Peschlow, Patrick"]
[Black "Guttulsrud, Odd Martin"]
[Result "0-1"]
[WhiteElo "2311"]
[BlackElo "2073"]
[PlyCount "100"]
[EventDate "2010.07.31"]
[EventType "swiss"]
[EventRounds "10"]
[EventCountry "DEN"]
[Source "ChessBase"]
[SourceDate "2010.09.01"]

1. e4 c5 2. Nf3 d6 3. d4 cxd4 4. Nxd4 Nf6 5. Nc3 a6 6. Be3 e5 7. Nb3 Be6 8. f3
Be7 9. Qd2 O-O 10. O-O-O Nbd7 11. g4 b5 12. g5 b4 13. Ne2 Ne8 14. f4 a5 15. f5
a4 16. Nbd4 exd4 17. Nxd4 b3 18. cxb3 axb3 19. axb3 Nc5 20. fxe6 Nxe4 21. Qg2
d5 22. Kb1 Qa5 23. Nc6 Qa2+ 24. Kc2 Rc8 25. Bb5 Qa8 26. exf7+ Rxf7 27. Rxd5
Rxc6+ 28. Kb1 Re6 29. Rhd1 N8d6 30. Qg4 Rg6 31. Bd7 Nf6 32. gxf6 Rxg4 33. fxe7
Rxe7 34. Bxg4 Rxe3 35. h3 Nf7 36. Rd7 g6 37. Rc7 Qe4+ 38. Ka2 Re1 39. Rdd7 Rf1
40. Re7 Qb1+ 41. Ka3 Rf6 42. Be2 Qa1+ 43. Kb4 Rb6+ 44. Bb5 Qa6 45. Re8+ Kg7 46.
Re5 Kf6 47. Rd5 Qa8 48. Rcd7 Qb8 49. Ka5 Nd6 50. Ba6 Rxa6+ 0-1

[Event "32. Copenhagen Open (Politiken Cup)"]
[Site "Elsinore"]
[Date "2010.08.06"]
[Round "8"]
[White "Petersen, Tom Petri"]
[Black "Baklan, Vladimir"]
[Result "0-1"]
[WhiteElo "2307"]
[BlackElo "2638"]
[PlyCount "60"]
[EventDate "2010.07.31"]
[EventType "swiss"]
[EventRounds "10"]
[EventCountry "DEN"]
[Source "ChessBase"]
[SourceDate "2010.09.01"]

1. d4 Nf6 2. c3 g6 3. Bg5 Bg7 4. Nd2 h6 5. Bh4 O-O 6. e4 d6 7. f4 Nbd7 8. Ngf3
Qe8 9. Bd3 Nh5 10. g3 e5 11. dxe5 dxe5 12. f5 Nhf6 13. g4 Nc5 14. Bc2 Qb5 15.
Bxf6 Bxf6 16. Nb3 Na4 17. Rb1 Rd8 18. Qe2 Qxe2+ 19. Kxe2 Bd7 20. h4 Bg7 21. Nc1
Nc5 22. b4 Na4 23. Bxa4 Bxa4 24. Ke3 gxf5 25. exf5 Rd6 26. Rb2 Rad8 27. Rd2
Rxd2 28. Nxd2 e4 29. Nxe4 Re8 30. Kd3 Rxe4 0-1

[Event "32. Copenhagen Open (Politiken Cup)"]
[Site "Elsinore"]
[Date "2010.08.06"]
[Round "8"]
[White "Ramme, Christoph"]
[Black "Halldorsson, Bragi"]
[Result "0-1"]
[WhiteElo "2062"]
[BlackElo "2253"]
[PlyCount "74"]
[EventDate "2010.07.31"]
[EventType "swiss"]
[EventRounds "10"]
[EventCountry "DEN"]
[Source "ChessBase"]
[SourceDate "2010.09.01"]

1. e4 c6 2. d4 d5 3. exd5 cxd5 4. c4 Nf6 5. Nc3 e6 6. Nf3 Be7 7. c5 O-O 8. Bd3
b6 9. b4 a5 10. Na4 Nbd7 11. a3 axb4 12. axb4 Ne4 13. Bf4 f5 14. Ne5 bxc5 15.
Nc6 Qe8 16. Nxe7+ Qxe7 17. bxc5 g5 18. Be3 f4 19. Bc1 e5 20. Bxe4 dxe4 21. O-O
Ba6 22. Re1 Bd3 23. c6 Qe6 24. Qh5 Qxc6 25. Qxg5+ Kh8 26. dxe5 Rg8 27. Qxf4
Rxg2+ 28. Kxg2 e3+ 29. f3 Rg8+ 30. Kh1 Qc2 31. Qg3 Rxg3 32. hxg3 Qf2 33. Bb2
Qxf3+ 34. Kh2 Qf2+ 35. Kh3 Bf5+ 36. Kh4 Qf3 37. e6+ Kg8 0-1

[Event "32. Copenhagen Open (Politiken Cup)"]
[Site "Elsinore"]
[Date "2010.08.06"]
[Round "8"]
[White "Rasmussen, Henning Lau"]
[Black "Zachariassen, John"]
[Result "1/2-1/2"]
[WhiteElo "1867"]
[BlackElo "1970"]
[PlyCount "149"]
[EventDate "2010.07.31"]
[EventType "swiss"]
[EventRounds "10"]
[EventCountry "DEN"]
[Source "ChessBase"]
[SourceDate "2010.09.01"]

1. e4 d6 2. d4 Nf6 3. Nc3 Nbd7 4. Nf3 e5 5. Bc4 Be7 6. dxe5 dxe5 7. O-O O-O 8.
a3 c6 9. Bg5 Qc7 10. Qe2 Nc5 11. Rfd1 Bg4 12. h3 Bh5 13. Qe3 Ncd7 14. g4 Bc5
15. Qe2 Bg6 16. Nh4 Kh8 17. Nf5 Rfe8 18. Be3 Bf8 19. b4 b5 20. Bd3 a5 21. Rab1
axb4 22. axb4 Ra3 23. Qe1 Rea8 24. Ne2 Nb6 25. Rb3 R3a4 26. Bxb6 Qxb6 27. c3
Ne8 28. Nh4 Nc7 29. Nxg6+ hxg6 30. Rbb1 Qa7 31. Nc1 Ne6 32. Nb3 Nf4 33. Bf1 c5
34. bxc5 Bxc5 35. Nxc5 Qxc5 36. Rxb5 Qe7 37. Qe3 Rc8 38. Rdb1 Ra7 39. Rb8 Rac7
40. Rxc8+ Rxc8 41. c4 Ne6 42. Qg3 Nf4 43. Qb3 Ne6 44. Qg3 Nc5 45. Rb5 Qd6 46.
Qe3 Kg8 47. h4 Qe7 48. Qg3 f6 49. Qe3 Ne6 50. Ra5 Nd4 51. c5 f5 52. gxf5 gxf5
53. exf5 Rf8 54. Bc4+ Kh8 55. Ra6 Rxf5 56. Ra8+ Rf8 57. Rxf8+ Qxf8 58. Be2 Qf6
59. Qe4 g6 60. Qg4 Kg7 61. Qd7+ Kh6 62. Qg4 Qe7 63. Qg5+ Qxg5+ 64. hxg5+ Kxg5
65. Bd1 Kf4 66. Kg2 e4 67. Ba4 g5 68. c6 Ne6 69. Bb3 Nc7 70. Bd1 Ke5 71. Kg3
Kd6 72. Bc2 Kxc6 73. Bxe4+ Kd6 74. Kg4 Ke5 75. Kxg5 1/2-1/2

[Event "32. Copenhagen Open (Politiken Cup)"]
[Site "Elsinore"]
[Date "2010.08.06"]
[Round "8"]
[White "Rodshtein, Maxim"]
[Black "Rasmussen, Allan Stig"]
[Result "1-0"]
[WhiteElo "2609"]
[BlackElo "2510"]
[PlyCount "97"]
[EventDate "2010.07.31"]
[EventType "swiss"]
[EventRounds "10"]
[EventCountry "DEN"]
[Source "ChessBase"]
[SourceDate "2010.09.01"]

1. c4 e5 2. Nc3 d6 3. g3 f5 4. Bg2 Nf6 5. d4 Be7 6. Nf3 e4 7. Ng5 c6 8. d5 Ng4
9. Nh3 Ne5 10. b3 Bf6 11. Bb2 O-O 12. Qd2 a5 13. O-O g5 14. dxc6 bxc6 15. Rad1
Nf7 16. f3 exf3 17. exf3 h6 18. f4 g4 19. Nf2 Ra7 20. Rfe1 h5 21. Re3 Kg7 22.
Rde1 h4 23. h3 gxh3 24. Nxh3 Kh7 25. Qd1 Kg6 26. gxh4 Nh6 27. h5+ Kh7 28. Ng5+
Bxg5 29. fxg5 Qxg5 30. Qxd6 Rg7 31. R3e2 Nd7 32. Nb1 Rf6 33. Qd2 f4 34. Re7
Qc5+ 35. Bd4 Qxe7 36. Rxe7 Rxe7 37. Bxf6 Nxf6 38. Nc3 Bf5 39. Qxf4 Rg7 40. Nd1
Nxh5 41. Qh4 Bg4 42. Ne3 Nf4 43. Bxc6 Bf3+ 44. Kh2 Ng6 45. Qh3 Bxc6 46. Nf5 Kh8
47. Nxh6 Bb7 48. Qc3 Nh4 49. Kh3 1-0

[Event "32. Copenhagen Open (Politiken Cup)"]
[Site "Elsinore"]
[Date "2010.08.06"]
[Round "8"]
[White "Rodvik, Trym Daniel"]
[Black "Johansen, Johnny Holler"]
[Result "0-1"]
[WhiteElo "1750"]
[BlackElo "1918"]
[PlyCount "72"]
[EventDate "2010.07.31"]
[EventType "swiss"]
[EventRounds "10"]
[EventCountry "DEN"]
[Source "ChessBase"]
[SourceDate "2010.09.01"]

1. Nf3 Nf6 2. d4 g6 3. Bf4 Bg7 4. e3 O-O 5. Be2 d5 6. h3 c5 7. O-O Nc6 8. c3 b6
9. Nbd2 Bb7 10. Qc2 Rc8 11. Nb3 cxd4 12. exd4 Ne4 13. Rad1 Qd7 14. Rfe1 Rfd8
15. Bb5 Qf5 16. Qc1 a6 17. Bd3 Qd7 18. Qe3 Nd6 19. Qe2 Nc4 20. Bxc4 dxc4 21.
Nbd2 b5 22. Ne4 Qf5 23. Nc5 Qxf4 24. Nxb7 Rd5 25. Nc5 e5 26. Nxa6 exd4 27. cxd4
Nxd4 28. Nxd4 Rxd4 29. g3 Qd6 30. Rxd4 Bxd4 31. Qg4 Rd8 32. Qg5 f6 33. Qxb5
Qxg3+ 34. Kh1 Qxh3+ 35. Kg1 Qg3+ 36. Kh1 Qf3+ 0-1

[Event "32. Copenhagen Open (Politiken Cup)"]
[Site "Elsinore"]
[Date "2010.08.06"]
[Round "8"]
[White "Rundgren, Anders"]
[Black "Schmied, Andreas"]
[Result "0-1"]
[WhiteElo "1915"]
[BlackElo "2069"]
[PlyCount "64"]
[EventDate "2010.07.31"]
[EventType "swiss"]
[EventRounds "10"]
[EventCountry "DEN"]
[Source "ChessBase"]
[SourceDate "2010.09.01"]

1. e4 e5 2. Nf3 Nc6 3. Bb5 a6 4. Ba4 Nf6 5. d3 d6 6. c3 g6 7. Nbd2 b5 8. Bb3
Bg7 9. O-O O-O 10. Re1 Na5 11. Bc2 c5 12. Nf1 Nc6 13. Bg5 h6 14. Bd2 Bb7 15. a4
b4 16. h3 a5 17. Qc1 Kh7 18. c4 Bc8 19. g4 Ng8 20. Kg2 f5 21. gxf5 gxf5 22.
exf5 Nd4 23. Nxd4 cxd4 24. Ng3 Ne7 25. Qd1 Nxf5 26. Nxf5 Rxf5 27. Qe2 Bb7+ 28.
Kg3 Rf3+ 29. Qxf3 Bxf3 30. Kxf3 Qh4 31. Kg2 Bf6 32. Re4 Rg8+ 0-1

[Event "32. Copenhagen Open (Politiken Cup)"]
[Site "Elsinore"]
[Date "2010.08.06"]
[Round "8"]
[White "Satre, Roger"]
[Black "Nielsen, Morten"]
[Result "1/2-1/2"]
[WhiteElo "1801"]
[BlackElo "1949"]
[PlyCount "280"]
[EventDate "2010.07.31"]
[EventType "swiss"]
[EventRounds "10"]
[EventCountry "DEN"]
[Source "ChessBase"]
[SourceDate "2010.09.01"]

1. d4 Nf6 2. c4 c5 3. d5 b5 4. cxb5 a6 5. bxa6 Nxa6 6. Nc3 d6 7. e4 g6 8. Bd3
Bg7 9. Nge2 O-O 10. O-O Bb7 11. f3 Nc7 12. Be3 Ra5 13. Qd2 Qa8 14. Bh6 e6 15.
Bxg7 Kxg7 16. dxe6 fxe6 17. e5 dxe5 18. Ng3 Ncd5 19. Nge4 Nf4 20. Bc2 Rd8 21.
Qf2 Nxe4 22. Bxe4 Rd4 23. Qe1 Bxe4 24. fxe4 Qd8 25. g3 Nh3+ 26. Kg2 Ng5 27. h4
Nf7 28. a4 Ra7 29. b3 Rad7 30. Nb5 Rd2+ 31. Kh3 Ng5+ 32. hxg5 Qxg5 33. Rf2 R2d3
34. Re2 Rxb3 35. Ra3 Rxa3 36. Nxa3 Rd3 37. Nc2 Qh5+ 38. Kg2 Qf3+ 39. Kh2 Qh5+
40. Kg1 Qg4 41. Ne3 Qxe4 42. a5 Qa4 43. Nf1 Qd4+ 44. Re3 c4 45. Qe2 Ra3 46. Qe1
Qc5 47. Qd2 Qa7 48. a6 Rxa6 49. Qc3 Qd4 50. Kh2 Rc6 51. Nd2 Kf6 52. Nf3 Qxc3
53. Rxc3 e4 54. Nd4 Rc8 55. Kg2 Ke5 56. Ne2 g5 57. Kf2 Rf8+ 58. Kg2 Kd5 59. Ra3
Rc8 60. Ra5+ Rc5 61. Nc3+ Kd4 62. Ne2+ Kd5 63. Nc3+ Kc6 64. Ra6+ Kd7 65. Nxe4
Rc7 66. Rd6+ Ke7 67. Rd2 h6 68. Kf3 e5 69. Kg4 Rc6 70. Kf5 c3 71. Re2 h5 72.
Kxe5 h4 73. g4 h3 74. Nf2 h2 75. Nh1 Rf6 76. Rxh2 Rf4 77. Rg2 c2 78. Rxc2 Rxg4
79. Kf5 Rg1 80. Re2+ Kd6 81. Rh2 g4 82. Kf4 Ke6 83. Ng3 Kf6 84. Kxg4 Kg6 85.
Ra2 Rb1 86. Ra6+ Kf7 87. Ne4 Rg1+ 88. Kf5 Rf1+ 89. Ke5 Re1 90. Rf6+ Kg7 91. Rf4
Ra1 92. Rg4+ Kf8 93. Nd6 Re1+ 94. Kf6 Rf1+ 95. Nf5 Rb1 96. Rd4 Rb6+ 97. Nd6 Kg8
98. Rg4+ Kf8 99. Ke6 Ra6 100. Rf4+ Kg8 101. Ke7 Ra7+ 102. Kf6 Ra6 103. Rd4 Ra1
104. Rg4+ Kf8 105. Re4 Rf1+ 106. Nf5 Ra1 107. Re6 Rf1 108. Rd6 Ke8 109. Kg6
Rg1+ 110. Kh7 Kf7 111. Kh6 Rh1+ 112. Kg5 Rg1+ 113. Kf4 Rf1+ 114. Ke5 Re1+ 115.
Kd5 Rd1+ 116. Nd4 Ra1 117. Rb6 Rd1 118. Rb3 Re1 119. Rb7+ Kf6 120. Rh7 Rd1 121.
Rh6+ Kg7 122. Re6 Kf7 123. Re4 Kf6 124. Kd6 Rd2 125. Rf4+ Kg5 126. Ke5 Ra2 127.
Ne6+ Kh5 128. Kf6 Ra6 129. Re4 Rb6 130. Kf5 Rb5+ 131. Kf6 Rb6 132. Ra4 Rd6 133.
Ke7 Rd1 134. Kf6 Rf1+ 135. Nf4+ Kg4 136. Ke5 Re1+ 137. Ne2+ Kf3 138. Rf4+ Kxe2
139. Re4+ Kd2 140. Rxe1 Kxe1 1/2-1/2

[Event "32. Copenhagen Open (Politiken Cup)"]
[Site "Elsinore"]
[Date "2010.08.06"]
[Round "8"]
[White "Schroer, Marcel"]
[Black "Munk, Poul"]
[Result "1-0"]
[WhiteElo "2106"]
[BlackElo "1959"]
[PlyCount "87"]
[EventDate "2010.07.31"]
[EventType "swiss"]
[EventRounds "10"]
[EventCountry "DEN"]
[Source "ChessBase"]
[SourceDate "2010.09.01"]

1. e4 e6 2. d4 d5 3. Nc3 Nf6 4. e5 Nfd7 5. f4 c5 6. Nf3 Nc6 7. Be3 a6 8. Qd2
cxd4 9. Nxd4 Nxd4 10. Bxd4 Bc5 11. O-O-O Bxd4 12. Qxd4 Qb6 13. Ne2 Qxd4 14.
Nxd4 g6 15. h4 h5 16. Rh3 Ke7 17. Rc3 Rd8 18. Rc7 Ke8 19. Rd3 Nb6 20. b3 Rb8
21. a4 Bd7 22. Kd2 Nc8 23. Rf3 Ne7 24. Rcc3 Rbc8 25. Rxc8 Rxc8 26. Rc3 Kd8 27.
Rxc8+ Kxc8 28. Bd3 Kc7 29. g4 Be8 30. c3 Bd7 31. Ke3 Be8 32. a5 Nc6 33. b4 Nxd4
34. Kxd4 Ba4 35. Kc5 Bc6 36. Be2 Ba4 37. Bf3 Bb5 38. f5 Bd7 39. f6 Bc6 40. Be2
Ba4 41. Bd3 Be8 42. Bc2 Kc8 43. Kd6 Kd8 44. Bd3 1-0

[Event "32. Copenhagen Open (Politiken Cup)"]
[Site "Elsinore"]
[Date "2010.08.06"]
[Round "8"]
[White "Schultz Pedersen, Jesper"]
[Black "Pallesen, Jacob"]
[Result "1-0"]
[WhiteElo "2206"]
[BlackElo "2010"]
[PlyCount "93"]
[EventDate "2010.07.31"]
[EventType "swiss"]
[EventRounds "10"]
[EventCountry "DEN"]
[Source "ChessBase"]
[SourceDate "2010.09.01"]

1. d4 d5 2. Bg5 g6 3. e3 Bg7 4. Bd3 c5 5. c3 Qb6 6. Qb3 Qxb3 7. axb3 cxd4 8.
exd4 Nc6 9. Nd2 f6 10. Be3 e5 11. Ne2 Nge7 12. O-O Bf5 13. Bb5 O-O 14. dxe5
fxe5 15. Bc5 Rfd8 16. Ng3 Be6 17. Nf3 a6 18. Ng5 Bd7 19. Bxe7 Nxe7 20. Bxd7
Rxd7 21. Rfd1 Rc7 22. c4 d4 23. N3e4 Rc6 24. Nf3 Nf5 25. Rd3 h6 26. Ra5 Re8 27.
Rd5 Rc7 28. Nfd2 Ne7 29. Rd6 Kf7 30. Rf3+ Kg8 31. g4 Kh7 32. Nf6+ Bxf6 33.
Rdxf6 Rg8 34. Ne4 Rg7 35. Rf8 Ng8 36. g5 Rgd7 37. Kf1 b5 38. c5 d3 39. Ke1 Rd4
40. R3f7+ Rxf7 41. Rxf7+ Kh8 42. f3 hxg5 43. c6 Nh6 44. c7 Nxf7 45. c8=Q+ Kg7
46. Qe6 a5 47. Qf6+ 1-0